|
|
|
|
| LEADER |
01019cam a2200229 7i4500 |
| 001 |
0000036582 |
| 005 |
20180330090000.0 |
| 008 |
100928 bm |
| 090 |
0 |
0 |
|a TK5105.585
|b .A45 2008
|
| 100 |
0 |
|
|a Aliy Dzulhazami Abdul Rahim
|
| 245 |
1 |
0 |
|a Two-way TCP chat application version 1.0.0.0
|c Aliy Dzulhazami Abdul Rahim.
|
| 260 |
|
|
|a Bestari Jaya, Selangor:
|b UNISEL,
|c 2008.
|
| 300 |
|
|
|a x, 33 p.:
|b col. ill.;
|c 30 cm.
|
| 500 |
|
|
|a Please login MyLib (library.unisel.edu.my/web/guest/mylibrary - click eDocument)
|
| 502 |
|
|
|a Project Report (Diploma of Information Technology), UNISEL, 2008
|
| 504 |
|
|
|a Includes bibliographical references
|
| 610 |
2 |
|
|a Universiti Industri Selangor
|
| 650 |
0 |
0 |
|a Computer networks
|
| 650 |
0 |
0 |
|a TCP/IP (Computer network protocol)
|
| 997 |
|
|
|a Communication, Visual Art & Computing, Faculty
|b Computing, Department
|
| 998 |
|
|
|a Information Technology, Diploma
|
| 999 |
|
|
|a PRC0000599
|b PROJECT REPORT COLLECTION
|c PROJECT REPORT COLLECTION
|e Thesis Room, Bestari Jaya
|